000 00499nam a2200217Ia 4500
003 LK-CoDNM
008 010623t1966 xxu||||| |||| 00| 1 eng d
040 _aLK-CoDNM
_dLK-CoDNM
_eLK-CoDNM
041 _aeng
080 _aT 21
245 _aTimes of Ceylon annual,1966
260 _bTimes of Ceylon
_aColombo
_c1966
300 _b?,ill,pl., 33 cm
650 _aAnimals
650 _aArt
650 _aBatik work
650 _aCoconut
650 _aCookery
650 _aTea
942 _cBK
999 _c107101
_d107101